Vplyv interferenčných javov na distribúciu súčiniteľa vonkajšieho tlaku v aerodynamike pôdorysne eliptických výškových budov

Uložené v:
Podrobná bibliografia
Hlavný autor: Franek, Michal (Autor)
Ďalší autori: Žilinský, Juraj (Vedúci práce)
Médium: Rukopis Kniha
Jazyk:Slovak
Vydavateľské údaje: 2017
Predmet:
On-line prístup:http://is.stuba.sk/zp/portal_zp.pl?podrobnosti=111491
Tagy: Pridať tag
Žiadne tagy, Buďte prvý, kto otaguje tento záznam!

MARC

LEADER 00000ntm a22000003a 4500
001 stuzp42615
003 SK-STU
005 20170909210250.8
007 ta
008 150427s2015----xo-----f-mn---000-0-slo-d
040 |a STU  |b slo 
041 0 |a slo 
100 1 |a Franek, Michal  |u 010180  |k Z1  |4 aut  |U SvF Stavebná fakulta  |T SvF Katedra konštrukcií pozemných stavieb  |X 49000  |U V180  |Y 18  |7 A000049000 
242 0 1 |a Impact of the interference effects on the distribution of the external pressure coefficient for elliptic high – rise buildings  |y eng 
245 1 0 |a Vplyv interferenčných javov na distribúciu súčiniteľa vonkajšieho tlaku v aerodynamike pôdorysne eliptických výškových budov 
260 |c 2017 
650 4 |a Súčiniteľ vonkajšieho tlaku  |2 slo 
650 4 |a Interferenčné javy  |2 slo 
650 4 |a Pôdorysne eliptické výškové budovy  |2 slo 
650 4 |a Interference effects  |2 eng 
650 4 |a External pressure coefficient  |2 eng 
650 4 |a Elliptic high - rise buildings  |2 eng 
700 1 |a Žilinský, Juraj  |u 010180  |k Z1  |4 ths  |U SvF Stavebná fakulta  |T SvF Katedra konštrukcií pozemných stavieb  |X 556  |U V180  |Y 18  |7 A000000556 
856 4 |u http://is.stuba.sk/zp/portal_zp.pl?podrobnosti=111491